Bytový dom

Na minha lista:
Detalhes bibliográficos
Autor principal: Csámpai, Peter (Author)
Outros Autores: Mikolai, Imrich (Thesis advisor)
Formato: Manuscrito Livro
Idioma:eslovaco
Publicado em: 2021
Assuntos:
Acesso em linha:http://is.stuba.sk/zp/portal_zp.pl?podrobnosti=136776
https://opac.crzp.sk/?fn=detailBiblioForm&sid=FD93F7145DB968626BD033EFB2D7
Tags: Adicionar Tag
Sem tags, seja o primeiro a adicionar uma tag!

MARC

LEADER 00000ntm a22000003a 4500
001 stuzp78943
003 SK-STU
005 20230516135322.9
007 ta
008 150427s2015----xo-----f-mn---000-0-slo-d
040 |a STU  |b slo 
041 0 |a slo 
100 1 |a Csámpai, Peter  |u 010180  |4 aut  |U SvF Stavebná fakulta  |T SvF Katedra konštrukcií pozemných stavieb  |X 87379  |U V180  |Y 18  |7 87379 
242 0 1 |a Dweling house  |y eng 
245 1 0 |a Bytový dom 
260 |c 2021 
650 4 |a Bytový dom  |2 slo 
650 4 |a Bakalárska práca  |2 slo 
650 4 |a Peter Csámpai  |2 slo 
650 4 |a Bakalárska práca  |2 eng 
650 4 |a Peter Csámpai  |2 eng 
650 4 |a Bytový dom  |2 eng 
700 1 |a Mikolai, Imrich  |u 010180  |k Z1  |4 ths  |U SvF Stavebná fakulta  |T SvF Katedra konštrukcií pozemných stavieb  |X 774  |U V180  |Y 18  |7 A000000774 
856 4 |u http://is.stuba.sk/zp/portal_zp.pl?podrobnosti=136776 
856 4 |u https://opac.crzp.sk/?fn=detailBiblioForm&sid=FD93F7145DB968626BD033EFB2D7